Vật lý đại cương

Những kiến thức lí thuyết và bài tập về cơ nhiệt như: động học chất điểm và hệ chất điểm, công và công suất, động lực học vật rắn, dao động cơ, sóng cơ và các thuyết nhiệt động học...

Ausführliche Beschreibung

Gespeichert in:
Bibliographische Detailangaben
1. Verfasser: Nguyễn, Xuân Chi
Format: Buch
Sprache:Undetermined
Veröffentlicht: Hà Nội Đại học Bách Khoa Hà Nội 2008
Schlagworte:
Tags: Tag hinzufügen
Keine Tags, Fügen Sie den ersten Tag hinzu!
Thư viện lưu trữ: Trung tâm Học liệu Trường Đại học Cần Thơ
LEADER 00939nam a2200205Ia 4500
001 CTU_175990
008 210402s9999 xx 000 0 und d
020 |c 85000 
082 |a 530 
082 |b Ch300/T.1 
100 |a Nguyễn, Xuân Chi 
245 0 |a Vật lý đại cương 
245 0 |c Nguyễn Xuân Chi, Đặng Quang Khang 
260 |a Hà Nội 
260 |b Đại học Bách Khoa Hà Nội 
260 |c 2008 
520 |a Những kiến thức lí thuyết và bài tập về cơ nhiệt như: động học chất điểm và hệ chất điểm, công và công suất, động lực học vật rắn, dao động cơ, sóng cơ và các thuyết nhiệt động học 
650 |a Mechanics,Thermodynamics,Cơ học,Nhiệt động lực học 
910 |a Nguyên 
980 |a Trung tâm Học liệu Trường Đại học Cần Thơ